000 00343nam a2200145Ia 4500
008 191201s2009 xx 000 0 und d
082 _a005.133
_bSCC
100 _aSCHILDT,Herbert
245 0 _aComplete reference C++
250 _a24th Rep
260 _aN. delhi
_bTMH
_c2009
300 _a1023
650 _aB.Tech(CSE)
942 _2ddc
_cBK
_02
999 _c4430
_d4430